000 00973nam a22002771 4500
001 2167719
003 OSt9789
005 20231122114232.0
008 850506s1964 enka b 000 0 eng
010 _a 64005561
020 _a9789383692516
040 _aDLC/ICU
_cICU
_dDLC
050 0 0 _aQK533
_b.W3
082 0 0 _a588
_bWAT/S
100 1 _aWatson, E. Vernon
_q(Eric Vernon),
_d1914-
245 1 4 _aThe structure and life of bryophytes /
_c[by] E.V. Watson.
260 _aLondon,
_aNew York,
_bHutchinson University Library
_c[1964]
300 _a211 p.
_billus.
_c20 cm.
490 1 _aHutchinson university library: Biological sciences
500 _aImprint covered by label: New York, Hillary House.
504 _aBibliography: p. 178-184.
650 0 _aBryophytes.
830 0 _aHutchinson university library.
_pBiological sciences.
906 _a7
_bcbc
_corignew
_du
_eocip
_f19
_gy-gencatlg
942 _2ddc
_cBK
_h588
_iWAT/S
_k588
_mWAT/S
999 _c43649
_d43649